| 000 | 00669nam a2200289Ia 4500 | ||
|---|---|---|---|
| 001 | Z_2403 | ||
| 003 | CHAP | ||
| 008 | 220113s1979 xx 000 0 und d | ||
| 010 | _a165459 | ||
| 040 | _cCHAP | ||
| 082 | _a311.2 K4 | ||
| 100 |
_aKempthorne, Oscar _963003 |
||
| 245 |
_aThe design and analysis of experiments / _cpor Oscar Kempthorne |
||
| 260 |
_aHuntington, N. Y. : _bRobert E. Krieger, _c1979 |
||
| 300 | _a631 p. | ||
| 440 | _a | ||
| 500 | _a | ||
| 503 | _a109591 | ||
| 650 |
_aBiometrÃa _912831 |
||
| 650 |
_aEstadÃstica _938241 |
||
| 901 | _a311.2 K4 | ||
| 902 | _aA | ||
| 910 | _a1979 | ||
| 942 | _c1 | ||
| 942 | _cc1 | ||
| 999 |
_c165459 _d165459 |
||